Vista normal
Vista MARC
Entrada Personal Name
Número de registros utilizados en: 1
001 - CONTROL NUMBER
- control field: 2639
003 - CONTROL NUMBER IDENTIFIER
- control field: OSt
005 - DATE AND TIME OF LATEST TRANSACTION
- control field: 20131002144606.0
008 - FIXED-LENGTH DATA ELEMENTS
- fixed length control field: 131002|||a|||||| | ||| d
040 ## - CATALOGING SOURCE
- Original cataloging agency: OSt
- Transcribing agency: OSt
100 ## - HEADING--PERSONAL NAME
- Personal name: Gayer, Cecilia
670 ## - SOURCE DATA FOUND
- Source citation: Work cat.: (OSt): Gayer, Cecilia, Practicas sexuales de las poblaciones vulnerables a la epidemia de VIH/SIDA en Mexico, 2007